Guess the Country by Landscape #1 - Statistics

General Stats
  • This quiz has been taken 44 times
  • The average score is 10 of 16
Answer Stats
Picture Hint Answer % Correct
United Kingdom
100%
Italy
98%
United States
95%
Greece
88%
Finland
75%
Cambodia
73%
Chile
68%
Tanzania
68%
Singapore
60%
China
55%
Slovenia
48%
Iceland
45%
Indonesia
45%
Bolivia
38%
Zimbabwe
25%
Not Europe Kyrgyzstan
13%
No matching quizzes found
Score Distribution
Percent of People with Each Score
Percentile by Number Answered
Your Score History
You have not taken this quiz